Sports Quiz

Random Sports or Football Quiz

Belgian Footballstadiums ( > 5 000) Quiz Stats

Quiz not verified by Sporcle

Challenge
Share
Tweet
Embed
Score 0/59 Timer 08:00
0 Plays Today
Ploeg Stadion % Correct
Red DevilsKoning Boudewijnstadion
100%
RSC AnderlechtConstant Vanden Stock Stadion
89.5%
Cercle Brugge KSV - Club Brugge KVJan Breydelstadion
78.9%
KRC GenkCristal Arena
78.9%
KV KortrijkGuldensporenstadion
78.9%
KSC LokerenDaknamstadion
78.9%
YR KV MechelenArgosstadion Achter de kazerne
78.9%
Standard de LiègeStade Maurice Dufrasne
78.9%
RCS CharleroiStade du Pays de Charleroi
73.7%
KAA GentGhelamco Arena
73.7%
KVC Westerlo't Kuipje
73.7%
SV Zulte-WaregemRegenboogstadion
73.7%
R Antwerp FCBosuilstadion
73.7%
K Lierse SKHerman Vanderpoortenstadion
68.4%
Waasland-BeverenFreethielstadion
63.2%
OH LeuvenDen Dreef
63.2%
Sint-Truiden VVStayen
63.2%
KAS EupenKehrwegstadion
57.9%
Royal Mouscron-PéruwelzStade du Canonnier
52.6%
White Star BruxellesEdmond Machtensstadion
52.6%
KFCO Beerschot-WilrijkOlympisch Stadion
52.6%
KV OostendeAlbertparkstadion
47.4%
ASV GeelLeunenstadion
47.4%
KSV RoeselareSchiervelde
42.1%
Racing MechelenOscar Vankesbeeckstadion
36.8%
RAEC MonsStade Charles Tondreau
36.8%
AFC TubizeStade Leburton
36.8%
UR La Louvière CentreStade du Tivoli
36.8%
Eendracht AalstPierre Cornelisstadion
31.6%
Lommel UnitedSoevereinstadion
31.6%
Ploeg Stadion % Correct
Seraing United - RFC LiègeStade du Pairay
31.6%
R Union Saint GilloiseStade Joseph Marien
31.6%
SW HarelbekeForestiersstadion
31.6%
RRC BoitsfortStade des Trois Tilleuls
31.6%
Patro Eisden MaasmechelenPatrostadion
26.3%
Berchem SportLudo Coeckstadion
26.3%
KVK TienenBergéstadion
21.1%
KMSK DeinzeBurgemeester Van De Wielestadion
15.8%
KSK RonseOrphale Cruckestadion
15.8%
RFC TilleurStade de Buraufosse
15.8%
Olympic Charleroi-MarchienneStade de la Neuville
15.8%
KFC DiestWarandestadion
15.8%
Vigor Wuitens HammeGemeentelijk Stadion
10.5%
RFC TournaiStade Luc Varenne
10.5%
Black Devils (rugby)Koning Boudewijnstadion bijterrein 2
10.5%
K Rupel Boom FCGemeentelijk Parkstadion
5.3%
FCV Dender EHVan Roystadion
5.3%
RU Wallonne CineyStade Joseph Lambert
5.3%
Sporting HasseltStedelijk Sportstadion Hasselt
5.3%
Hoogstraten VVSportcomplex Seminarie
5.3%
CS ViséStade de la Cité de l'Oie
5.3%
RCS VerviétoisStade de Bielmont
5.3%
Francs BorainsStade Robert Urbain
5.3%
KFC Zwarte LeeuwLouis Van Roeystadion
5.3%
Racing Jet WavreStade Justin Peeters
5.3%
KSV SottegemJules Matthijs Stadion
5.3%
SK BelselePuyenbekestadion
5.3%
RCS NivelloisStade Reine Astrid
5.3%
VC MoldavoGeorges Claesstadion
5.3%

You're not logged in!

Compare scores with friends on all Sporcle quizzes.
Join for Free
OR
Log In

You Might Also Like...

Show Comments

Extras

Top Quizzes Today


Score Distribution

Your Account Isn't Verified!

In order to create a playlist on Sporcle, you need to verify the email address you used during registration. Go to your Sporcle Settings to finish the process.

Report this User

Report this user for behavior that violates our Community Guidelines.

Details: